00478 a2200157 45000010006000000050017000060080041000230030015000640400040000790800048001192450071001672640032002383000019002700410008002891000023002976168020260407155907.0260407a1978 arg spa dAR-UNSa-BCEJYS aAR-UNSa-BCEJYSbspacAR-UNSa-BCEJYS a347.44xContratos en general. Obligaciones 10aLos contratos preparatoriospSu incidencia en el derecho comercial 1aBuenos Aires :bAbacoc1978 a161 p.c23 cm. aspa1 aWilliams, Jorge N.